Hang Tuah membunuh penderhaka (Record no. 99964)

MARC details
000 -LEADER
fixed length control field 00747nam a2200265 i 4500
001 - CONTROL NUMBER
control field C2-0295417
003 - CONTROL NUMBER IDENTIFIER
control field PPAK
005 - DATE AND TIME OF LATEST TRANSACTION
control field 20180728031012.0
008 - FIXED-LENGTH DATA ELEMENTS--GENERAL INFORMATION
fixed length control field 090329s2009 my a|||| ||||| | may d
020 ## - INTERNATIONAL STANDARD BOOK NUMBER
International Standard Book Number 9789675184307
040 ## - CATALOGING SOURCE
Original cataloging agency PPAK
Language of cataloging eng
Transcribing agency PPAK
Description conventions rda
082 04 - DEWEY DECIMAL CLASSIFICATION NUMBER
Classification number 899.233
Edition number 23
090 00 - LOCALLY ASSIGNED LC-TYPE CALL NUMBER (OCLC); LOCAL CALL NUMBER (RLIN)
Classification number (OCLC) (R) ; Classification number, CALL (RLIN) (NR) 899.233
Feature heading JAM
Feature heading K
100 0# - MAIN ENTRY--PERSONAL NAME
Personal name Jamilah Haji Bujang,
Relator term author
245 10 - TITLE STATEMENT
Title Hang Tuah membunuh penderhaka
264 #1 - PRODUCTION, PUBLICATION, DISTRIBUTION, MANUFACTURE, AND COPYRIGHT NOTICE
Place of production, publication, distribution, manufacture Kelantan :
Name of producer, publisher, distributor, manufacturer Pustaka Sukses ,
Date of production, publication, distribution, manufacture, or copyright notice 2009
300 ## - PHYSICAL DESCRIPTION
Extent 32 pages :
Other physical details illustrations ;
Dimensions 22 cm
336 ## - CONTENT TYPE
Source rdacontent
Content type term text
337 ## - MEDIA TYPE
Source rdamedia
Media type term unmediated
338 ## - CARRIER TYPE
Source rdacarrier
Carrier type term volume
490 1# - SERIES STATEMENT
Series statement Siri legenda gemilang
650 10 - SUBJECT ADDED ENTRY--TOPICAL TERM
Topical term or geographic name entry element Children's stories, Malay
830 #0 - SERIES ADDED ENTRY--UNIFORM TITLE
Uniform title Siri legenda gemilang
942 ## - ADDED ENTRY ELEMENTS (KOHA)
-- dc
Koha item type Book
Holdings
Withdrawn Not for loan Current library Shelving location Date acquired Total Checkouts Full call number Barcode Date last seen Date last checked out Koha item type
    Perpustakaan Alor Setar Pinjaman Kanak-kanak 29/03/2009 3 K 899.233 JAM A01280214 14/06/2026 07/06/2026 Book
    Perpustakaan Baling Pinjaman Kanak-kanak 29/03/2009 1 K 899.233 JAM A01280242 17/11/2024 09/11/2024 Book
    Perpustakaan Bandar Baharu Pinjaman Kanak-kanak 29/03/2009   K 899.233 JAM A01280243 09/05/2018   Book
    Perpustakaan Jitra Pinjaman Kanak-kanak 29/03/2009 1 K 899.233 JAM A01280216 13/03/2021 22/02/2021 Book
    Perpustakaan Kulim Pinjaman Kanak-kanak 29/03/2009 1 K 899.233 JAM A01280239 19/03/2023 26/02/2023 Book
    Perpustakaan Merbok Pinjaman Kanak-kanak 29/03/2009   K 899.233 JAM A01280246 09/05/2018   Book
    Perpustakaan Pendang Pinjaman Kanak-kanak 29/03/2009   K 899.233 JAM A01280247 09/05/2018   Book
    Perpustakaan Sik Pinjaman Kanak-kanak 29/03/2009   K 899.233 JAM A01280241 09/05/2018   Book
    PD03, Kg. Pulau Pisang, Jitra Pinjaman Kanak-kanak 29/03/2009   K 899.233 JAM A01280245 09/05/2018   Book